<?xml version="1.0" encoding="UTF-8"?>
<record
    xmlns:xsi="http://www.w3.org/2001/XMLSchema-instance"
    xsi:schemaLocation="http://www.loc.gov/MARC21/slim http://www.loc.gov/standards/marcxml/schema/MARC21slim.xsd"
    xmlns="http://www.loc.gov/MARC21/slim">

  <leader>03186nam a22005297a 4500</leader>
  <controlfield tag="001">BRCA_9222</controlfield>
  <controlfield tag="003">FranzMayer</controlfield>
  <controlfield tag="005">20220921133212.0</controlfield>
  <controlfield tag="008">220908b        |||||||| |||| 00| 0 eng d</controlfield>
  <datafield tag="010" ind1=" " ind2=" ">
    <subfield code="a">2021950512</subfield>
  </datafield>
  <datafield tag="020" ind1=" " ind2=" ">
    <subfield code="a">9781636810201</subfield>
  </datafield>
  <datafield tag="040" ind1=" " ind2=" ">
    <subfield code="b">spa</subfield>
    <subfield code="c">MFM</subfield>
  </datafield>
  <datafield tag="041" ind1="1" ind2=" ">
    <subfield code="a">eng</subfield>
  </datafield>
  <datafield tag="050" ind1="0" ind2="0">
    <subfield code="a">N6502.2</subfield>
    <subfield code="b">.A73 2022</subfield>
  </datafield>
  <datafield tag="245" ind1="0" ind2="0">
    <subfield code="a">Archive of the world :</subfield>
    <subfield code="b">Art and imagination in Spanish America, 1500-1800 : Highlights from LACMA's Collection / </subfield>
    <subfield code="h">ed. Ilona Katzew</subfield>
  </datafield>
  <datafield tag="260" ind1=" " ind2=" ">
    <subfield code="a">Los Angeles, California :</subfield>
    <subfield code="b">Los Angeles County Museum of Art,</subfield>
    <subfield code="c">2022</subfield>
  </datafield>
  <datafield tag="260" ind1=" " ind2=" ">
    <subfield code="a">New York, New York :</subfield>
    <subfield code="b">Delmonico Books / D.A.P.,</subfield>
    <subfield code="c">2022</subfield>
  </datafield>
  <datafield tag="300" ind1=" " ind2=" ">
    <subfield code="a">391 p. : </subfield>
    <subfield code="b">il., mapas, fot. ;</subfield>
    <subfield code="c">23.5 x 28.5 cm.</subfield>
  </datafield>
  <datafield tag="500" ind1=" " ind2=" ">
    <subfield code="a">Ubicaci&#xF3;n: L60-N2</subfield>
  </datafield>
  <datafield tag="500" ind1="U" ind2=" ">
    <subfield code="a">Incluye imagen de la Colecci&#xF3;n Museo Franz Mayer (p. 312)</subfield>
  </datafield>
  <datafield tag="500" ind1=" " ind2=" ">
    <subfield code="a">&#xCD;ndice: p. 5</subfield>
  </datafield>
  <datafield tag="500" ind1=" " ind2=" ">
    <subfield code="a">Publicado con motivo de la exposici&#xF3;n del mismo nombre celebrada en Los Angeles County Museum of Art (LACMA), del 12 de junio al 23 de octubre de 2022, y en el Frist Art Museum, Nashville,  del 20 de octubre de 2023 al 28 de enero de 2024.</subfield>
  </datafield>
  <datafield tag="504" ind1=" " ind2=" ">
    <subfield code="a">Bibliograf&#xED;a: pp. 370-382</subfield>
  </datafield>
  <datafield tag="520" ind1="8" ind2=" ">
    <subfield code="a">Este libro representa el primer estudio completo de las notables colecciones de arte hispanoamericano de LACMA. Tras la llegada de los espa&#xF1;oles a las Am&#xE9;ricas en el siglo XV, la regi&#xF3;n desarroll&#xF3; tradiciones art&#xED;sticas complejas que se inspiraron simult&#xE1;neamente en el arte ind&#xED;gena, europeo, asi&#xE1;tico y africano. En 1565 los espa&#xF1;oles conquistaron Filipinas, inaugurando una nueva ruta comercial que conectaba Asia, Europa y Am&#xE9;rica. Las casas particulares y las instituciones c&#xED;vicas y eclesi&#xE1;sticas de Hispanoam&#xE9;rica se llenaron de objetos importados y de fabricaci&#xF3;n local. Esta confluencia de riquezas marc&#xF3; el estatus de las Am&#xE9;ricas como un importante centro comercial, lo que un autor contempor&#xE1;neo describi&#xF3; como &#x201C;el archivo del mundo&#x201D;.</subfield>
  </datafield>
  <datafield tag="610" ind1="2" ind2="0">
    <subfield code="a">Los Angeles County Museum of Art.</subfield>
    <subfield code="9">4619</subfield>
    <subfield code="v">Exposiciones</subfield>
  </datafield>
  <datafield tag="650" ind1=" " ind2="0">
    <subfield code="a">Arte colonial espa&#xF1;ol</subfield>
    <subfield code="z">Latinoamerica</subfield>
    <subfield code="v">Exposiciones</subfield>
    <subfield code="9">28510</subfield>
  </datafield>
  <datafield tag="650" ind1=" " ind2="0">
    <subfield code="a">Arte colonial</subfield>
    <subfield code="z">Latinoamerica</subfield>
    <subfield code="v">Exposiciones</subfield>
    <subfield code="9">28511</subfield>
  </datafield>
  <datafield tag="700" ind1="1" ind2=" ">
    <subfield code="a">Katzew, Ilona,</subfield>
    <subfield code="e">editor,</subfield>
    <subfield code="e">traductor</subfield>
    <subfield code="9">4648</subfield>
  </datafield>
  <datafield tag="700" ind1="1" ind2=" ">
    <subfield code="a">Amador Marrero, Pablo F.</subfield>
    <subfield code="q">(Pablo Francisco),</subfield>
    <subfield code="e">colaborador</subfield>
    <subfield code="9">28520</subfield>
  </datafield>
  <datafield tag="700" ind1="1" ind2=" ">
    <subfield code="a">Mart&#xED;nez, Rafael,</subfield>
    <subfield code="e">colaborador</subfield>
    <subfield code="9">28521</subfield>
  </datafield>
  <datafield tag="700" ind1="1" ind2=" ">
    <subfield code="a">D&#xED;az Cayeros, Patricia,</subfield>
    <subfield code="e">colaborador</subfield>
    <subfield code="9">9104</subfield>
  </datafield>
  <datafield tag="700" ind1="1" ind2=" ">
    <subfield code="a">Duarte, Carlos F.,</subfield>
    <subfield code="e">colaborador</subfield>
    <subfield code="9">2686</subfield>
  </datafield>
  <datafield tag="700" ind1="1" ind2=" ">
    <subfield code="a">Esguerra, Clarissa M.,</subfield>
    <subfield code="e">colaborador</subfield>
    <subfield code="9">28522</subfield>
  </datafield>
  <datafield tag="700" ind1="1" ind2=" ">
    <subfield code="a">Esteras Mart&#xED;n, Cristina,</subfield>
    <subfield code="e">colaborador</subfield>
  </datafield>
  <datafield tag="700" ind1="1" ind2=" ">
    <subfield code="a">Flores Enr&#xED;quez, Alejandra Mayela,</subfield>
    <subfield code="e">colaborador</subfield>
    <subfield code="9">20986</subfield>
  </datafield>
  <datafield tag="700" ind1="1" ind2=" ">
    <subfield code="a">Hyman, Aaron M.,</subfield>
    <subfield code="d">1984-</subfield>
    <subfield code="e">colaborador</subfield>
    <subfield code="9">28523</subfield>
  </datafield>
  <datafield tag="700" ind1="1" ind2=" ">
    <subfield code="a">Kaplan, Rachel,</subfield>
    <subfield code="e">colaborador</subfield>
    <subfield code="9">28524</subfield>
  </datafield>
  <datafield tag="700" ind1="1" ind2=" ">
    <subfield code="a">Mues Orts, Paula,</subfield>
    <subfield code="e">colaborador</subfield>
    <subfield code="9">22524</subfield>
  </datafield>
  <datafield tag="700" ind1="1" ind2=" ">
    <subfield code="a">Peterson, Jeanette Favrot,</subfield>
    <subfield code="e">colaborador</subfield>
    <subfield code="9">28525</subfield>
  </datafield>
  <datafield tag="700" ind1="1" ind2=" ">
    <subfield code="a">Phipps, Elena,</subfield>
    <subfield code="e">colaborador</subfield>
    <subfield code="9">21036</subfield>
  </datafield>
  <datafield tag="700" ind1="1" ind2=" ">
    <subfield code="a">Reyes, JoAnna M.,</subfield>
    <subfield code="e">colaborador</subfield>
    <subfield code="9">28526</subfield>
  </datafield>
  <datafield tag="700" ind1="1" ind2=" ">
    <subfield code="a">Stanfield-Mazzi, Maya Selama,</subfield>
    <subfield code="d">1972-</subfield>
    <subfield code="e">colaborador</subfield>
    <subfield code="9">21091</subfield>
  </datafield>
  <datafield tag="700" ind1="1" ind2=" ">
    <subfield code="a">Sullivan, Edward J.,</subfield>
    <subfield code="e">colaborador</subfield>
    <subfield code="9">6613</subfield>
  </datafield>
  <datafield tag="700" ind1="1" ind2=" ">
    <subfield code="a">Wuffarden, Luis Eduardo,</subfield>
    <subfield code="e">colaborador</subfield>
    <subfield code="9">28527</subfield>
  </datafield>
  <datafield tag="942" ind1=" " ind2=" ">
    <subfield code="2">lcc</subfield>
    <subfield code="c">B</subfield>
  </datafield>
  <datafield tag="999" ind1=" " ind2=" ">
    <subfield code="c">10841</subfield>
    <subfield code="d">10841</subfield>
  </datafield>
  <datafield tag="952" ind1=" " ind2=" ">
    <subfield code="0">0</subfield>
    <subfield code="1">0</subfield>
    <subfield code="2">lcc</subfield>
    <subfield code="4">0</subfield>
    <subfield code="7">0</subfield>
    <subfield code="a">BRCA</subfield>
    <subfield code="b">BRCA</subfield>
    <subfield code="d">2022-09-08</subfield>
    <subfield code="l">0</subfield>
    <subfield code="o">N6502.2 .A73 2022</subfield>
    <subfield code="p">CONT10010</subfield>
    <subfield code="r">2022-09-08 00:00:00</subfield>
    <subfield code="w">2022-09-08</subfield>
    <subfield code="y">B</subfield>
  </datafield>
</record>
